| 000 | 01052nam a22002057a 4500 | ||
|---|---|---|---|
| 999 |
_c57044 _d57044 |
||
| 005 | 20191031124113.0 | ||
| 008 | 191031s2007 en ||||| |||| 00| 0 eng d | ||
| 020 | _a9789994098750 | ||
| 080 | _a2-136.8:39(=35):94(3)M-68 | ||
| 100 |
_aMikeladze, Merab. _95175 |
||
| 245 |
_aThe totem and the old world : The Caucasus. The Mediterranean. The Pyrenees _b(Following the tracks of myths, legends, theories, hypotheses) / _cMerab Mikeladze ; Translated by : Givi Daushvili ; editor : Anna Meskhi . |
||
| 264 |
_aTbilisi : _bNekeri, _c2007. |
||
| 300 |
_a147 p. ; _c20 cm. |
||
| 500 | _aBibliogr.: p. 138-147. | ||
| 653 | _aThe totem and the old world The Caucasus The Mediterranean The Pyrenees | ||
| 653 | _aტოტემი ქართველები ძველი სამყაროს ისტორია ძველი სამყაროს მითოლოგია | ||
| 700 |
_aDaushvili , Givi _eმთარგმნელი _95176 |
||
| 700 |
_a Meskhi , Anna _eრედაქტორი _95177 |
||
| 942 |
_2udc _cBK |
||